Islamic Countries with the most Christians - Statistics

General Stats
  • This quiz has been taken 207 times
    158 since last reset
  • The average score is 6 of 10
Answer Stats
Christians Islamic Country % Correct
9,000,000+ Egypt
88%
29,000,000+ Indonesia
84%
3,300,000+ Pakistan
83%
88,000,000+ Nigeria
80%
1,800,000+ Syria
77%
2,300,000+ Malaysia
69%
3,300,000+ Kazakhstan
54%
4,150,000+ Chad
50%
5,400,000+ Burkina Faso
31%
11,700,000+ Ivory Coast
31%
No matching quizzes found
Score Distribution
Percent of People with Each Score
Percentile by Number Answered
Your Score History
You have not taken this quiz since the last reset